| 000 | 01078nam0a22002771 4500 | ||
|---|---|---|---|
| 001 | rc\33085 | ||
| 005 | 20250620153518.0 | ||
| 010 |
_a5-88294-024-9 _bНВП "Пластик-информ" _910000 |
||
| 035 | _a(NLR Aleph) 005317657 | ||
| 090 |
_a6453794 _c6453794 |
||
| 100 | _a20021216d1996 |||y0rusy50 ca | ||
| 101 | 0 | _arus | |
| 102 | _aRU | ||
| 105 | _ay ||||||||| | ||
| 200 | 1 |
_aИсцеляющие продукты _eЭнцикл. натур. питания _eПер. с англ. _f[П. Хаусман, Дж.Б. Харлей] |
|
| 210 |
_aЧелябинск _cНВП "Пластик-информ" _cУрал _dБ. г. (1996) |
||
| 215 |
_aXIV, 449 с. _d25 |
||
| 300 | _aНа пер. авт.: П. Хаусман, Дж.Б. Харлей | ||
| 320 | _aПредм. указ.: с. 448-449 | ||
| 320 | _aПеревод изд.: The heafing foods / By Patricia Hausmann, Judith Benn Hurley (Emmaus, Penn.) | ||
| 701 | 1 |
_aХаусман _bП. _gПатриция |
|
| 801 | 0 |
_aRU _bNLR _gpsbo |
|
| 801 | 1 |
_aRU _bELAR _2rusmarc |
|
| 852 |
_aNLR _j97-7/327 |
||
| 942 | _cBOOK | ||
| 980 | _aNB | ||